03547nam a2201681 c 4500003000900000005001700009008004100026020001800067040004100085080002500126082002400151100003900175245011500214250002300329264003600352300003900388336003200427337003100459504002700490505019900517526000900716526000900725526001000734526001000744526001000754526001000764526001000774526001000784526001000794526001000804526001000814526001000824526001000834526001000844526001000854526001000864526001000874526001000884526001000894526001000904526001000914526001000924526001000934526001000944526001000954526001000964526001000974526001000984526001000994526001001004526001001014526001001024526001001034526001001044526001001054526001001064526001001074526001001084526001001094526001001104526001001114526001001124526001001134526001001144526001001154526001001164526001001174526000901184526000901193526000901202526000901211526000901220526000901229526000901238526000901247526000901256526000901265526000901274526000901283526000901292526000901301526000901310526000901319526000901328526000901337526000901346526000901355526000901364526000901373526000901382526000901391526000901400526000901409526000901418526000901427526000901436526000901445526000901454526000901463526001001472526000901482526000901491526000901500526000901509526000901518526000901527526000901536526000801545526000801553526000801561526000801569526000801577526000801585526000801593526000801601526000801609526000801617526000801625526000801633526000801641526000801649526000901657526000801666526000801674526000801682526000801690526000801698526000901706526000801715526000801723526000801731526000801739526000801747526000901755526000801764526000801772526000901780526000801789526000801797526000801805526000801813650004401821PE-LiUPU20250813170021.0120726s2012 sp a | |||| 000 0 spa  a9788415541110 aSpMaBNbspacPE-LiUPUerdadPE-LiUPU a616.379-008.64-083.2 223a616.4624bF751r1 aFossas, Francesc0XX879460eautor.10aRemedios naturales para la diabetes :blas mejores dietas y los consejos más prácticos /cFrancesc Fossas. aPrimera edición. a[Barcelona] :bIntegral,c2012. a127 páginas ;c22 centímetros. aTexto (visual)2isbdcontent asin mediación2isbdmedia aBibliografía: p. 127 aConozcamos mejor la diabetes -- ¿Puede prevenirse la diabetes con una buena alimentación? -- Recomendaciones dietéticas para la diabetes -- Slow food: las ventajas de tomárselo con calma. aP203 aP200 aSEG65 aSEG64 aSEG63 aSEG62 aSEG61 aSEG60 aSEG59 aSEG58 aSEG57 aSEG56 aSEG55 aSEG54 aSEG53 aSEG52 aSEG51 aSEG50 aSEG49 aSEG48 aSEG47 aSEG46 aSEG24 aSEG23 aSEG22 aSEG21 aSEG20 aSEG19 aSEG18 aSEG17 aSEG16 aSEG14 aSEG13 aSEG12 aSEG11 aSEG10 aSEG09 aSEG06 aSEG05 aSEG04 aSEG03 aSEG02 aSEG68 aSEG66 aSEG45 aSEG25 aSEG01 aP163 aP162 aP161 aP160 aP159 aP158 aP157 aP156 aP155 aP154 aP153 aP152 aP151 aP150 aP149 aP142 aP141 aP140 aP139 aP138 aP137 aP132 aP131 aP130 aP126 aP125 aP124 aP123 aP115 aP122 aP121 aP116 a P114 aP112 aP111 aP104 aP103 aP102 aP101 aP100 aP96 aP95 aP93 aP92 aP91 aP88 aP83 aP82 aP79 aP78 aP75 aP74 aP71 aP69 a P51 aP49 aP48 aP47 aP33 aP31 a P30 aP29 aP27 aP26 aP25 aP24 a P22 aP10 aP09 a P08 aP06 aP05 aP04 aP0117aDiabetesxRégimen alimenticio.2embne